00709nam a2200205Ia 4500008004100000020001800041020001800059040001800077041000800095245012500103260005600228300002200284504003900306650002700345650002300372650004000395650001400435700002900449700002500478130821s2009 xxu gr eng  a9781841694641 a9781841694658 aCo-BoUCMbspa00aeng00aPsychology of terrorism key readings classic and contemporary insightsceditado por Jeff Victoroff y Arie W. Kruglanski aNueva York (Estados Unidos)bPsychology Pressc2009 axv, 496 páginas aIncluye bibliografía e índice.04aConflictos políticos04aProblemas sociales04aTerrorismoxAspectos psicológicos04aViolencia1 aKruglanski, Arie W.eed.1 aVictoroff, Jeffeed.